| 000 | 00937nam a2200241Ia 4500 | ||
|---|---|---|---|
| 003 | GCL | ||
| 008 | 140319s9999 xx 000 0 ara d | ||
| 040 |
_aGCL / _cGCL |
||
| 082 | 0 | 4 |
_a811.00938 _bر ت |
| 100 | 1 | _aابن رشد : ابوالوليد محمد بن احمد بن محمد الاندلسى القرطبى | |
| 245 | 1 | 0 |
_aتلخيص كتاب الشعر / _cابن رشد : ابوالوليد محمد بن احمد بن محمد الاندلسى القرطبى |
| 700 | 1 | _aبتروث، تشارلس (تحقيق) | |
| 700 | 1 | _aاحمد عبدالمجيد هريدى | |
| 260 |
_a[S.N] : _bالهيئة المصرية العامة للكتاب ، _c1987 |
||
| 300 | _aمتعدد الترقيم | ||
| 490 | _a | ||
| 650 | 0 | 4 | _aالادب العربى |
| 650 | 0 | 4 | _aالفلسفة الاسلامية |
| 650 | 0 | 4 | _aالفلسفة |
| 650 | 0 | 4 | _aالفلسفة الغربية |
| 650 | 0 | 4 | _aارسطو |
| 942 |
_2ddc _cBK |
||
| 999 |
_c28342 _d28342 |
||